Господину Министру Финансов (Запись № 12298744)

Подробности
000 -МАРКЕР
контрольное поле 02870nam0a2200421 4500
001 - ИДЕНТИФИКАТОР ЗАПИСИ
контрольное поле RU\NLR\BIBL_A\012192375
005 - ИДЕНТИФИКАТОР ВЕРСИИ
контрольное поле 20260407114738.0
035 ## - ДРУГИЕ СИСТЕМНЫЕ НОМЕРА
Идентификатор записи (NLR Aleph) 012192375
100 ## - ДАННЫЕ ОБЩЕЙ ОБРАБОТКИ
Данные общей обработки 20200130d1898 |||y0rusy50 ca
101 0# - ЯЗЫК РЕСУРСА
Язык текста, звукозаписи и т.д. русский
102 ## - СТРАНА ПУБЛИКАЦИИ ИЛИ ПРОИЗВОДСТВА
Страна публикации Российская Федерация
105 ## - ПОЛЕ КОДИРОВАННЫХ ДАННЫХ: ТЕКСТОВЫЕ МАТЕРИАЛЫ, МОНОГРАФИЧЕСКИЕ
Кодированные данные о монографическом текстовом документе y z 000zy
181 #0 - ПОЛЕ КОДИРОВАННЫХ ДАННЫХ: ВИД СОДЕРЖАНИЯ
Код вида содержания (ISBD) i
Код характеристики содержания (ISBD) axxe
182 #0 - ПОЛЕ КОДИРОВАННЫХ ДАННЫХ: ТИП СРЕДСТВА
Код типа средства (ISBD) n - непосредственное
200 1# - ЗАГЛАВИЕ И СВЕДЕНИЯ ОБ ОТВЕТСТВЕННОСТИ
Основное заглавие Господину Министру Финансов
Первые сведения об ответственности М. В. Д. Виленский, Ковенский и Гродненский Генерал-Губернатор. 9 марта 1898 года. № 827. Г. Вильна
203 ## - ВИД СОДЕРЖАНИЯ И ТИП СРЕДСТВА
Вид содержания Текст
Дополнительные сведения об издании визуальный
Тип средства непосредственный
210 ## - ПУБЛИКАЦИЯ, РАСПРОСТРАНЕНИЕ И ДР.
Место издания, распространения и т.д. [С.-Петербург]
Имя издателя, распространителя и т. д. Типография П.П. Сойкина
Дата издания, распространения и т.д. 1898
215 ## - ФИЗИЧЕСКАЯ ХАРАКТЕРИСТИКА
Специфическое обозначение материала и объем 1 с.
Размеры 34
300 ## - ОБЩИЕ ПРИМЕЧАНИЯ
Текст примечания Текст начинается словами: На отношение от 12 минувшего Февраля за № 1308, имею честь уведомить Ваше Высокопревосходительство, что по рассмотрении представленных мне Виленским, Ковенским и Гродненским Губернаторами проектов местных смет земских повинностей ...
300 ## - ОБЩИЕ ПРИМЕЧАНИЯ
Текст примечания В конце текста: Подписал: Генерал-Адъютант Троцкий: Скрепил: Управляющий Канцелярией Иололобов
309 ## - ПРИМЕЧАНИЯ ОБ ОСНОВНОМ ИСТОЧНИКЕ ИНФОРМАЦИИ И ОБ ОСОБЕННОСТЯХ ПОЛИГРАФИЧЕСКОГО ОФОРМЛЕНИЯ ИЗДАНИЯ
Текст примечания Без тит. л. и обл.
309 ## - ПРИМЕЧАНИЯ ОБ ОСНОВНОМ ИСТОЧНИКЕ ИНФОРМАЦИИ И ОБ ОСОБЕННОСТЯХ ПОЛИГРАФИЧЕСКОГО ОФОРМЛЕНИЯ ИЗДАНИЯ
Текст примечания Копия
517 1# - ДРУГИЕ ВАРИАНТЫ ЗАГЛАВИЯ
Вариант заглавия На отношение от 12 минувшего Февраля за № 1308, имею честь уведомить Ваше Высокопревосходительство, что по рассмотрении представленных мне Киленским, Ковенским и Гродненским Губернаторами проектов местных смет земских повинностей ...
606 1# - НАИМЕНОВАНИЕ ТЕМЫ КАК ПРЕДМЕТ
Наименование темы Повинности земские
Географический подзаголовок Россия
Системный номер авторитетной/нормативной записи 2458061
Идентификатор авторитетной/нормативной записи RU\NLR\AUTH\6601678358
686 3# - ИНДЕКСЫ ДРУГИХ КЛАССИФИКАЦИЙ
Индекс Х829(2)21
686 3# - ИНДЕКСЫ ДРУГИХ КЛАССИФИКАЦИЙ
Индекс У26(28)187.45
702 #1 - ИМЯ ЛИЦА - ВТОРИЧНАЯ ОТВЕТСТВЕННОСТЬ
Код отношения Подписавшее лицо
Графика поля Кириллица
Материалы, к которым относится поле rus
Начальный элемент ввода Троцкий
Часть имени, кроме начального элемента ввода В. Н.
Дополнения к именам, кроме дат гос. и воен. деятель
Даты 1835-1901
Расширение инициалов личного имени Виталий Николаевич
Системный номер авторитетной/нормативной записи 223231
Идентификатор авторитетной/нормативной записи RU\NLR\AUTH\770223287
702 #1 - ИМЯ ЛИЦА - ВТОРИЧНАЯ ОТВЕТСТВЕННОСТЬ
Начальный элемент ввода Иололобов
Код отношения Подписавшее лицо
711 01 - НАИМЕНОВАНИЕ ОРГАНИЗАЦИИ - АЛЬТЕРНАТИВНАЯ ОТВЕТСТВЕННОСТЬ
Начальный элемент ввода Россия
Структурное подразделение Министерство финансов
Идентификатор авторитетной/нормативной записи RU\NLR\AUTH\889947360
Системный номер авторитетной/нормативной записи 390360
711 01 - НАИМЕНОВАНИЕ ОРГАНИЗАЦИИ - АЛЬТЕРНАТИВНАЯ ОТВЕТСТВЕННОСТЬ
Начальный элемент ввода Россия
Структурное подразделение Министерство финансов
Идентификатор авторитетной/нормативной записи RU\NLR\AUTH\889947360
Системный номер авторитетной/нормативной записи 390360
712 02 - НАИМЕНОВАНИЕ ОРГАНИЗАЦИИ - ВТОРИЧНАЯ ОТВЕТСТВЕННОСТЬ
Код отношения Прочие
Начальный элемент ввода Виленский, Ковенский и Гродненский генерал-губернатор
Идентификатор авторитетной/нормативной записи RU\NLR\AUTH\889985826
Системный номер авторитетной/нормативной записи 467248
852 ## - МЕСТОНАХОЖДЕНИЕ И ШИФР ХРАНЕНИЯ
Идентификатор организации NLR
Шифр хранения (Call Number) 135/294-338(11-2)
942 ## - ДОПОЛНИТЕЛЬНЫЕ ЭЛЕМЕНТЫ ЗАПИСИ (АБИС)
Тип экземпляра АБИС Книга
980 ## - КОЛЛЕКЦИЯ
Название коллекции Национальная библиография
Экземпляры
Тип экземпляра Дата поступления Библиотека постоянного хранения Библиотека текущего хранения Место хранения Шифр хранения Штрих-код Статус экземпляра
Книга 22.04.2024 РНБ (Садовая) РНБ (Садовая) Русский книжный фонд -Главное здание, Ленинский читальный зал 135/294-338(11-2) 12192375-10